[Event "Winter Cup"]
[Site "Bucharest ROM"]
[Date "2002.12.10"]
[Round "10"]
[White "Sasu Ducsoara,An"]
[Black "Chirila,C"]
[Result "1-0"]
[WhiteElo "2244"]
[BlackElo "2186"]

1.e4 c5 2.Nf3 e6 3.d4 cxd4 4.Nxd4 a6 5.Bd3 Qc7 6.Qe2 d6 7.O-O Nf6 8.c4 Be7
9.b3 Nbd7 10.Bb2 b6 11.Nd2 Bb7 12.Rae1 O-O 13.Kh1 Rfe8 14.Bb1 Rac8 15.Qd3 g6
16.Qh3 Bf8 17.f4 e5 18.fxe5 dxe5 19.Nc2 Bg7 20.Ne3 b5 21.Nd5 Bxd5 22.exd5 h5
23.Qf3 Kh7 24.a3 Rb8 25.Rc1 Qb7 26.c5 Qa7 27.c6 Nb6 28.d6 Re6 29.d7 Qc7 30.b4 Nbd5
31.Ba2 e4 32.Nxe4 Rxe4 33.Bxd5 Ng4 34.g3 Re7  1-0

[Event "20th Cairnhill Open"]
[Site "Singapore SIN"]
[Date "2002.12.13"]
[Round "3"]
[White "Bakre,T"]
[Black "Joshi,GB"]
[Result "1/2-1/2"]
[WhiteElo "2452"]
[BlackElo "2242"]

1.e4 c5 2.Nf3 e6 3.d4 cxd4 4.Nxd4 a6 5.Bd3 Nf6 6.O-O d6 7.Nc3 b5 8.f4 Nbd7
9.Qf3 Bb7 10.Bd2 Be7 11.Rae1 Qb6 12.Be3 Qc7 13.a3 Nc5 14.Kh1 O-O 15.Bg1 Rfe8
16.Qh3 g6 17.Nf3 Bf8 18.e5 Nfd7 19.Ng5 h6 20.Nge4 Nxe4 21.Nxe4 dxe5 22.fxe5 Bxe4
23.Bxe4 Rad8 24.Bd4 Nc5 25.c3 Nxe4 26.Rxe4 Bg7 27.Ref4 Rd7 28.Qe3 h5 29.Re4 Rd5
30.Qf4 Red8 31.Rfe1 R8d7 32.g4 hxg4 33.Qxg4 a5 34.h4 b4 35.axb4 axb4 36.h5 f5
37.Qxg6 fxe4 38.Qxe6+ Kh8  1/2-1/2

[Event "Friendship B"]
[Site "Roznov CZE"]
[Date "2002.12.14"]
[Round "9"]
[White "Kanovsky,D"]
[Black "Hitzgerova,G"]
[Result "0-1"]
[WhiteElo "2271"]
[BlackElo "2225"]

1.e4 c5 2.Nf3 e6 3.d4 cxd4 4.Nxd4 a6 5.Bd3 Qb6 6.Nb3 Qc7 7.O-O d6 8.Qe2 Nf6
9.c4 Nbd7 10.f4 g6 11.Nc3 Bg7 12.Be3 O-O 13.h3 b6 14.a4 Nc5 15.Nxc5 bxc5
16.Qf2 Nd7 17.a5 Bb7 18.Na4 Rac8 19.Rfb1 Qc6 20.Ra3 d5 21.cxd5 exd5 22.exd5 Qxd5
23.Be2 c4 24.Rd1 Qc6 25.Bf3 Qc7 26.Nb6 Nxb6 27.axb6 Qe7 28.Bxb7 Qxb7 29.f5 Rfe8
30.Rda1 Bf8 31.Ra5 Bb4 32.R5a4 Bd6 33.Kh1 Re4 34.Rxa6 Rce8 35.Ra7 Qd5 36.fxg6 hxg6
37.Qf3 Rxe3 38.Qxe3 Rxe3 39.Rd7 Rxh3+  0-1

[Event "1st Ilijas Subasic Mem"]
[Site "Zenica BIH"]
[Date "2002.12.15"]
[Round "9"]
[White "Muratovic,En"]
[Black "Tomic,Bo"]
[Result "0-1"]
[WhiteElo "2314"]
[BlackElo "2182"]

1.e4 c5 2.Nf3 e6 3.d4 cxd4 4.Nxd4 a6 5.Bd3 Qc7 6.O-O Nf6 7.Nc3 b5 8.Be3 Bb7
9.f3 Nc6 10.Nb3 h5 11.a4 b4 12.Ne2 d5 13.Bf4 Ne5 14.Bxe5 Qxe5 15.f4 Qc7 16.e5 Ne4
17.Ned4 g5 18.f5 Qxe5 19.fxe6 fxe6 20.Qf3 O-O-O 21.Qf7 Bc5 22.c3 Rhf8 23.Qg6 bxc3
24.bxc3 Nxc3 25.Rxf8 Rxf8 26.Kh1 Bxd4 27.Nxd4 Qxd4 28.Qxe6+ Kb8 29.Qd6+ Ka7
30.Qxf8 Ne4 31.Rf1 Qxd3 32.a5 h4 33.Qf5 d4 34.Qf8 Qe2 35.Rb1 Ng3+  0-1

[Event "Christmas Open"]
[Site "Zadar CRO"]
[Date "2002.12.17"]
[Round "4"]
[White "Yemelin,V"]
[Black "Mandekic,I"]
[Result "1-0"]
[WhiteElo "2534"]
[BlackElo "2248"]

1.e4 c5 2.Nf3 e6 3.d4 cxd4 4.Nxd4 a6 5.Bd3 Nf6 6.O-O d6 7.c4 b6 8.Nc3 Bb7
9.Kh1 Nbd7 10.f4 Be7 11.Qe2 Qc7 12.f5 e5 13.Nb3 O-O 14.a4 a5 15.Be3 Rac8
16.Rae1 Ba6 17.Nd2 Nc5 18.Bc2 Rfd8 19.Qf3 Ncd7 20.b3 Qb8 21.g4 h6 22.h4 d5
23.exd5 e4 24.Ndxe4 Nxe4 25.Nxe4 Bxh4 26.f6 Ne5 27.Qh3 Rxd5 28.Qxh4 h5 29.fxg7 Nxg4
30.Nf6+ Nxf6 31.Qxf6  1-0

[Event "XII It"]
[Site "Elgoibar ESP"]
[Date "2002.12.20"]
[Round "9"]
[White "Korneev,O"]
[Black "Paunovic,D"]
[Result "1-0"]
[WhiteElo "2551"]
[BlackElo "2532"]

1.e4 c5 2.Nf3 e6 3.d4 cxd4 4.Nxd4 a6 5.Bd3 Nf6 6.O-O d6 7.c4 b6 8.Nc3 Bb7
9.a4 Nc6 10.Nxc6 Bxc6 11.Qf3 Be7 12.Qg3 O-O 13.Bh6 Ne8 14.Be3 e5 15.Nd5 Bxd5
16.cxd5 Nf6 17.Bh6 Nh5 18.Qg4 Kh8 19.Qxh5 gxh6 20.Qxh6 Bg5 21.Qh3 Qf6 22.g3 Rg8
23.Qf5 Qxf5 24.exf5 Bd2 25.Rfd1 Bb4 26.Rac1 Rg4 27.f6 Bc5 28.Rc4 Rag8 29.Rdc1 a5
30.Kg2 Bd4 31.Kf1 Bc5 32.h3 Rd4 33.Rxd4 Bxd4 34.Rc7 Rf8 35.b3 e4 36.Bxe4 Bxf6
37.Rc6 Rd8 38.Rxb6 Bc3 39.Ke2 Kg7 40.Kf3 Be1  1-0

[Event "Rotary Open"]
[Site "Lindsborg Kansas USA"]
[Date "2002.12.20"]
[Round "4"]
[White "Pruess,D"]
[Black "Palos,O"]
[Result "0-1"]
[WhiteElo "2351"]
[BlackElo "2327"]

1.e4 c5 2.Nf3 e6 3.d4 cxd4 4.Nxd4 a6 5.Bd3 Qc7 6.Qe2 Bd6 7.Nd2 Ne7 8.Nc4 Bc5
9.Nb3 b5 10.Ne3 Ba7 11.a4 b4 12.Nc4 d5 13.exd5 Nxd5 14.Bg5 Nc6 15.O-O-O h6
16.Bd2 Bb7 17.Qg4 O-O-O 18.Qxg7 Rhg8 19.Qxh6 Rxg2 20.f3 Ne5 21.Nxe5 Qxe5
22.Qh4 Rh8 23.Qc4+ Qc7 24.Qxc7+ Kxc7 25.h4 Rh5 26.Rde1 Bf2 27.Re2 Rxh4 28.Rf1 Rhh2
29.Be4 Ba7 30.Rxg2 Rxg2 31.f4 Rg3 32.Na5 Ne3 33.Nxb7 Nxf1 34.Bxb4 f5 35.Bd6+ Kd7
36.Bd3 Rxd3 37.Bc5 Re3  0-1

[Event "Christmas Open"]
[Site "Zadar CRO"]
[Date "2002.12.22"]
[Round "9"]
[White "Djingarova,E"]
[Black "Palac,M"]
[Result "0-1"]
[WhiteElo "2269"]
[BlackElo "2568"]

1.e4 c5 2.Nf3 e6 3.d4 cxd4 4.Nxd4 a6 5.Bd3 Nf6 6.Qe2 d6 7.O-O g6 8.c4 Bg7
9.Nc3 O-O 10.Be3 b6 11.Rac1 Bb7 12.Bb1 Qc7 13.Rfd1 Nbd7 14.f3 Rac8 15.b3 Qb8
16.Qd2 Rfd8 17.Nde2 Bf8 18.Qe1 Ba8 19.a4 Re8 20.Qh4 d5 21.e5 Qxe5 22.Bd4 Bc5
23.Kh1 Bxd4 24.Rxd4 dxc4 25.bxc4 Rc7 26.Rcd1 Rec8 27.f4 Qa5 28.f5 e5 29.Rxd7 Rxd7
30.Qxf6 Rxd1+ 31.Nxd1 Qe1+ 32.Ng1 Qxd1 33.fxg6 hxg6 34.Qxb6 Qd2 35.Nf3 Bxf3
36.gxf3 Rxc4  0-1

[Event "26th Christmas Open Masters"]
[Site "Zurich SUI"]
[Date "2002.12.26"]
[Round "1"]
[White "Jenni,F"]
[Black "Peschel,A"]
[Result "1-0"]
[WhiteElo "2483"]
[BlackElo "2164"]

1.e4 c5 2.Nf3 e6 3.d4 cxd4 4.Nxd4 a6 5.Bd3 Qc7 6.O-O Nf6 7.Qe2 d6 8.c4 Be7
9.Nc3 b6 10.f4 Nbd7 11.Nf3 Bb7 12.e5 Ng4 13.exd6 Bxd6 14.Nd5 Qc5+ 15.Kh1 O-O
16.b4 Qc8 17.Ng5 h6 18.Nxe6 Re8 19.Qxg4 fxe6 20.Bb2 Bf8 21.Qg6  1-0

[Event "Open A"]
[Site "Bethune FRA"]
[Date "2002.12.29"]
[Round "5"]
[White "Van der Weide,K"]
[Black "Houdart,D"]
[Result "1-0"]
[WhiteElo "2400"]
[BlackElo "2086"]

1.e4 c5 2.Nf3 e6 3.d4 cxd4 4.Nxd4 a6 5.Bd3 Nf6 6.f4 Qb6 7.Nb3 d6 8.Qf3 Nbd7
9.Be3 Qc7 10.Nc3 Be7 11.O-O-O b5 12.g4 g6 13.g5 Nh5 14.Rhf1 Bb7 15.Qh3 b4
16.Ne2 Rc8 17.Kb1 Nc5 18.Nxc5 dxc5 19.b3 Bc6 20.f5 Qe5 21.fxe6 fxe6 22.Nf4 c4
23.Nxe6 cxd3 24.Ng7+ Kd8 25.Bb6+ Rc7 26.Rxd3+ Bd6 27.Rf7 Nxg7 28.Rxc7 Nf5
29.Rxc6+ Ke7 30.Rcxd6 Nxd6 31.Bc7 Rd8 32.Qxh7+ Kf8 33.Rf3+  1-0

[Event "XVIII Winter Open"]
[Site "Nice FRA"]
[Date "2002.12.30"]
[Round "7"]
[White "Dunis,A"]
[Black "Mogranzini,R"]
[Result "1-0"]
[WhiteElo "2399"]
[BlackElo "2161"]

1.e4 c5 2.Nf3 e6 3.d4 cxd4 4.Nxd4 a6 5.Bd3 Qc7 6.O-O Nc6 7.Nxc6 dxc6 8.Nd2 e5
9.a4 Nf6 10.Nc4 Bc5 11.Bg5 Bg4 12.Qe1 Be6 13.Kh1 Nd7 14.Bd2 O-O 15.f4 b5
16.Ne3 exf4 17.Nf5 Bxf5 18.exf5 Rfe8 19.Qh4 Bd6 20.Rf3 Qd8 21.Qxd8 Raxd8
22.axb5 axb5 23.Bxf4 Bxf4 24.Rxf4 Ne5 25.Be4 Rd2 26.h3 f6 27.Ra6 Rd6 28.Rf1 h6
29.Rfa1 Rc8 30.Kg1 Rd4 31.Re1 c5 32.Ra7 Re8 33.Ra8 Rxa8 34.Bxa8 Ra4 35.Bd5+ Kf8
36.b3 Ra2 37.Re2 b4 38.Kf2 Ke7 39.Be4 Ra6 40.Re1 Ra7 41.Rd1 Nd7 42.Ke3 Nb6
43.Kf4 Nd7 44.Rc1 Ne5 45.g4 Rd7 46.Ra1 Rd2 47.Ra7+ Nd7 48.Bc6 Rd4+ 49.Ke3 Rd1
50.Kf4 Rd4+ 51.Kg3 Rd2 52.Kh4 Kd8 53.Bxd7 Rxd7 54.Ra5 Rc7 55.Kh5 Ke7 56.Kg6 Kd6
57.Ra8 Ke5 58.Rg8 Kd4 59.Rxg7 Rc6 60.Re7  1-0

[Event "35th Open"]
[Site "Trinec CZE"]
[Date "2002.12.31"]
[Round "5"]
[White "Staszko,M"]
[Black "Ostrowski,L"]
[Result "1/2-1/2"]
[WhiteElo "2078"]
[BlackElo "2317"]

1.e4 c5 2.Nf3 e6 3.d4 cxd4 4.Nxd4 a6 5.Bd3 Nf6 6.O-O d6 7.c4 g6 8.Nc3 Bg7
9.Be3 Nbd7 10.f4 O-O 11.Qe2 e5 12.fxe5 Nxe5 13.h3 Nh5 14.Qd2 Qh4 15.Nf3 Qg3
16.Ne2 Nxf3+ 17.Rxf3 Qe5 18.Bd4 Qe7 19.Bxg7 Nxg7 20.Rd1 Ne6 21.Ng3 Nd4 22.Rf2 Be6
23.b3 Nc6 24.Qf4 Rad8 25.Qf6 Qc7 26.Ne2 Qa5 27.Bb1 Qc5 28.Kh1 Ne5 29.Ng3 b5
30.cxb5 axb5 31.Rfd2 b4 32.Nh5 gxh5 33.Qg5+ Kh8 34.Qf6+  1/2-1/2

[Event "TCh-NOR Qualifier"]
[Site "NOR"]
[Date "2002.??.??"]
[Round "8"]
[White "Sagafos,M"]
[Black "Andersen,A"]
[Result "1/2-1/2"]
[WhiteElo "2214"]
[BlackElo "2175"]

1.e4 c5 2.Nf3 e6 3.d4 cxd4 4.Nxd4 a6 5.Bd3 Nc6 6.Nxc6 bxc6 7.O-O Qc7 8.Nd2 Bb7
9.b3 Nf6 10.Bb2 d5 11.Qe2 Be7 12.c4 O-O 13.Rac1 dxe4 14.Nxe4 Nxe4 15.Qxe4 g6
16.Qd4 f6 17.Qg4 f5 18.Qe2 Bc8 19.c5 Bf6 20.Bc4 Kg7 21.Rfe1 a5 22.Rcd1 Bd7
23.Bxe6 Bxe6 24.Qxe6 Ra7 25.Bxf6+ Rxf6 26.Qe3 Qb8 27.Rd6 Raf7 28.Qd4 Qb4
29.Qe5 f4 30.Red1 f3 31.Rxf6 Rxf6 32.Rd6 Qf4 33.Qxf4 Rxf4 34.gxf3 Rf6 35.Rd4 Rf7
36.Ra4 Ra7 37.b4 Rb7 38.bxa5 Ra7 39.a6 Kf6 40.Rb4 Rxa6 41.Rb6 Rxa2 42.Rxc6+ Ke5
43.Rc7 Rc2 44.Rxh7 Rxc5 45.Kg2 Kf6 46.f4 Rc4 47.Kg3 Rc3+ 48.f3 Rc2 49.h4 Rc5
50.Ra7 Rb5 51.Kg4 Rc5 52.Ra6+ Kf7 53.Ra1 Kf6 54.Re1 Rc2 55.Kg3 Rc8 56.Re5 Rc1
57.h5 gxh5 58.Rxh5 Rg1+ 59.Kf2 Ra1 60.Rc5 Rb1 61.f5 Rb4 62.Kg3 Ra4  1/2-1/2

[Event "Troll Masters"]
[Site "Gausdal NOR"]
[Date "2003.01.07"]
[Round "1"]
[White "Ohlzon,NJ"]
[Black "Miezis,N"]
[Result "0-1"]
[WhiteElo "2176"]
[BlackElo "2523"]

1.e4 c5 2.Nf3 e6 3.d4 cxd4 4.Nxd4 a6 5.Bd3 Nc6 6.Nxc6 dxc6 7.O-O e5 8.Nd2 Nf6
9.Nc4 Qc7 10.f4 Ng4 11.Qf3 h5 12.fxe5 Be6 13.Bf4 Bc5+ 14.Kh1 O-O-O 15.c3 Kb8
16.Nd6 g5 17.b4 Bb6 18.Bxg5 Nxe5 19.Bxd8 Rxd8 20.Qg3 Qxd6 21.Rad1 Qc7 22.Be2 Ng4
23.Qxc7+ Kxc7  0-1

[Event "Troll Masters"]
[Site "Gausdal NOR"]
[Date "2003.01.09"]
[Round "3"]
[White "Agopov,M"]
[Black "Miezis,N"]
[Result "1/2-1/2"]
[WhiteElo "2376"]
[BlackElo "2523"]

1.e4 c5 2.Nf3 e6 3.d4 cxd4 4.Nxd4 a6 5.Bd3 Nc6 6.Nxc6 dxc6 7.Nd2 e5 8.Nc4 Be6
9.Bd2 Bxc4 10.Bxc4 Nf6 11.Qe2 b5 12.Bb3 Bd6 13.a4 O-O 14.O-O Qe7 15.Bg5 h6
16.Bh4 Rfd8 17.Rfd1 Bc5 18.axb5 axb5 19.Rxa8 Rxa8 20.Qd3 Bb6 21.Qc3 Rd8 22.Rxd8+ Qxd8
23.h3 Qd6 24.Qf3 Kf8 25.Qf5 Qd1+ 26.Kh2 Qd7 27.Bxf6 Qxf5 28.exf5 gxf6 29.Kg3  1/2-1/2

[Event "Troll Masters"]
[Site "Gausdal NOR"]
[Date "2003.01.09"]
[Round "3"]
[White "Berg,O"]
[Black "Berning,B"]
[Result "1-0"]
[WhiteElo "2065"]
[BlackElo "2240"]

1.e4 c5 2.Nf3 e6 3.d4 cxd4 4.Nxd4 a6 5.Bd3 Nf6 6.O-O Qc7 7.Nc3 d6 8.a4 b6
9.f4 Nbd7 10.Qe2 Be7 11.Bd2 h5 12.Kh1 g6 13.Rae1 Bb7 14.e5 dxe5 15.fxe5 Ng4
16.Bf4 g5 17.Bg3 Bc5 18.Nf5 h4 19.Ng7+ Kd8 20.Qxg4 hxg3 21.Qxg3 Nxe5 22.Qxe5 Qxe5
23.Rxe5 Bd6 24.Rxg5 Rxh2+ 25.Kg1 Ke7 26.Nxe6 Rh4 27.Re1 Kd7 28.Rg7 Rah8 29.Rxf7+ Kc8
30.Kf2 Rg8 31.Ne4 Bxe4 32.Rxe4 Rh2 33.Bxa6+ Kb8 34.Bf1  1-0

[Event "LXIX ch-BRA"]
[Site "Brasilia BRA"]
[Date "2003.01.12"]
[Round "5"]
[White "Bittencourt,J"]
[Black "Rodrigues,Ad"]
[Result "1/2-1/2"]
[WhiteElo "2303"]
[BlackElo "2287"]

1.e4 c5 2.Nf3 e6 3.d4 cxd4 4.Nxd4 a6 5.Bd3 Nc6 6.Nxc6 dxc6 7.Nd2 e5 8.Qh5 Bd6
9.Nc4 Nf6 10.Nxd6+ Qxd6 11.Qe2 O-O 12.O-O Be6 13.a4 Nd7 14.Rd1 a5 15.b3 Qc7
16.Be3 Rfd8 17.f3  1/2-1/2

[Event "Troll Masters"]
[Site "Gausdal NOR"]
[Date "2003.01.12"]
[Round "7"]
[White "Karlsen,T"]
[Black "Berning,B"]
[Result "0-1"]
[WhiteElo "2135"]
[BlackElo "2240"]

1.e4 c5 2.Nf3 e6 3.d4 cxd4 4.Nxd4 a6 5.Bd3 Nf6 6.O-O Qc7 7.Nc3 d6 8.Kh1 Nbd7
9.f4 b5 10.a3 Be7 11.Bd2 Bb7 12.Qe1 g6 13.Rc1 Rc8 14.Qg3 Nc5 15.Rfe1 O-O
16.f5 e5 17.Nf3 Kh8 18.fxg6 fxg6 19.Bh6 Nh5 20.Qg4 Rf7 21.Nd5 Bxd5 22.exd5 Qd7
23.Qxd7 Nxd7 24.Ng5 Bxg5 25.Bxg5 Nb6 26.a4 Nxa4 27.b3 Nc5 28.Be2 Nf4 29.Bg4 Rcc7
30.Bd8 Rb7 31.b4 Na4 32.Be6 Rf8 33.Bg5 Kg7 34.g3 Nxe6 35.dxe6 h6 36.Be3 Rc8
37.Rf1 Re7 38.Rf7+ Rxf7 39.exf7 Kxf7 40.Bxh6 Rc4 41.Bd2 Ke6 42.Kg2 d5 43.Kf3 Kf5
44.c3 Rc6 45.g4+ Ke6 46.h4 Nb2 47.Rh1 Nc4 48.Ke2 Kf7 49.Be1 Kg7 50.Bg3 Rd6
51.Bf2 Rf6 52.Bg3 d4 53.cxd4 exd4 54.Bc7 Rf7 55.Bb8 Rf8 56.Bc7 Re8+ 57.Kd3 Ne3
58.Kxd4 Nc4 59.Ra1 Re6 60.Kd5 Kf7 61.Bd8 Nd6 62.Kc5 Nc4 63.Rd1 Ke8 64.Bg5 Ne5
65.Kd5 Kd7 66.Re1 Rd6+ 67.Ke4 Nc6 68.Rb1 Rd4+ 69.Ke3 Rxb4 70.Rxb4 Nxb4 71.Kd4 Ke6
72.Kc5 Nd5 73.Bd8 b4 74.Ba5 b3  0-1

[Event "Kaissa Open"]
[Site "Kharkov UKR"]
[Date "2003.01.21"]
[Round "1"]
[White "Doibani,L"]
[Black "Simantsev,M"]
[Result "1/2-1/2"]
[WhiteElo "2017"]
[BlackElo "2402"]

1.e4 c5 2.Nf3 e6 3.d4 cxd4 4.Nxd4 a6 5.Bd3 Nf6 6.c4 d6 7.Qe2 Be7 8.Nc3 O-O
9.O-O Qc7 10.Be3 b6 11.f4 Bb7 12.Rad1 Nbd7 13.Nf3 Nc5 14.Bd4 Nxd3 15.Qxd3 Rac8
16.b3 Nd7 17.e5 dxe5 18.Nxe5 Rfd8 19.Nxd7 Rxd7 20.Qg3 Rxd4 21.Rxd4 Bc5 22.Ne2 b5
23.cxb5 axb5 24.Kh1 Bxd4 25.Nxd4 b4 26.h3 Qb6 27.Nf3 Rc2 28.Rd1 h6 29.Rd2 Rxd2
30.Nxd2 Qd4 31.Nc4 Qa1+ 32.Kh2 Qxa2 33.f5 Bd5 34.f6 g6  1/2-1/2

[Event "Kaissa Open"]
[Site "Kharkov UKR"]
[Date "2003.01.23"]
[Round "3"]
[White "Tugaj,S"]
[Black "Rogovski,V"]
[Result "0-1"]
[WhiteElo "2297"]
[BlackElo "2457"]

1.e4 c5 2.Nf3 e6 3.d4 cxd4 4.Nxd4 a6 5.Bd3 Nf6 6.O-O Qc7 7.Qe2 d6 8.c4 g6
9.Nc3 Bg7 10.Be3 O-O 11.f3 Nbd7 12.Rfc1 Ne5 13.a4 Nfd7 14.f4 Nxd3 15.Qxd3 b6
16.b4 Bb7 17.Ra2 Rac8 18.Nce2 Nf6 19.Ng3 h5 20.Nf3 Ng4 21.f5 exf5 22.exf5 Bxf3
23.gxf3 Nxe3 24.Qxe3 Rce8 25.Qd3 Bh6 26.Rf1 Re3 27.Qd5 Re5 28.Qd3 h4 29.f4 Ree8
30.Ne4 Qe7 31.Nxd6 Rd8 32.c5 bxc5 33.bxc5 Qf6 34.Rg2 Kh7 35.Qe4 g5 36.Qe5 Bg7
37.Qxf6 Bxf6 38.fxg5 Bd4+ 39.Kh1 Kg7 40.Rg4 Bxc5  0-1

[Event "Jose Marti Memorial"]
[Site "Las Tunas CUB"]
[Date "2003.01.25"]
[Round "1"]
[White "Gongora,L"]
[Black "Rodriguez,Dag"]
[Result "1/2-1/2"]
[WhiteElo "2257"]
[BlackElo "2218"]

1.e4 c5 2.Nf3 e6 3.d4 cxd4 4.Nxd4 a6 5.Bd3 Nf6 6.O-O Qc7 7.c4 Nc6 8.Nxc6 bxc6
9.Nc3 Be7 10.Qe2 d6 11.f4 Nd7 12.b3 O-O 13.Bb2 c5 14.Rae1 Bb7 15.Rf3 Bf6
16.Rh3 Bd4+ 17.Kh1 g6 18.Nd1 Rae8 19.Nf2 Bxb2 20.Qxb2 f5 21.Ree3 Nf6 22.e5 dxe5
23.Qxe5 Qxe5 24.Rxe5 Ng4 25.Nxg4 fxg4 26.Rhe3 Rxf4 27.Kg1 Ref8 28.Re1 Rf2
29.R5e2 Rxe2 30.Rxe2 Rd8 31.Be4 Rd1+ 32.Kf2 Bxe4 33.Rxe4 Rd2+ 34.Kg3 Rxa2
35.Rxe6 a5 36.Rc6 Rb2 37.Rxc5 Rxb3+ 38.Kxg4 a4 39.h4 a3 40.Kg5 Rb8 41.Ra5 Rc8
42.Rxa3 Rxc4 43.Ra8+ Kg7 44.Ra7+ Kg8 45.g4 Rb4 46.Ra6 Kg7 47.Ra7+ Kg8 48.Rc7 Ra4
49.Rb7 Rc4 50.Rb8+ Kg7 51.Rb7+ Kg8 52.Rb6 Kg7 53.Rb7+ Kg8 54.h5 gxh5 55.Kxh5 Rc5+
56.g5 Rc1  1/2-1/2

[Event "GMA"]
[Site "Bermuda BER"]
[Date "2003.01.29"]
[Round "5"]
[White "Al Modiahki,M"]
[Black "Markowski,T"]
[Result "0-1"]
[WhiteElo "2571"]
[BlackElo "2574"]

1.e4 c5 2.Nf3 e6 3.d4 cxd4 4.Nxd4 a6 5.Bd3 Qb6 6.Nb3 Qc7 7.O-O d6 8.c4 Nd7
9.Nc3 Ngf6 10.Be3 b6 11.Rc1 g6 12.f3 Bb7 13.Qd2 h5 14.h4 Be7 15.Qf2 O-O 16.Qg3 Rfe8
17.Ne2 Bf8 18.c5 bxc5 19.Nxc5 Qb6 20.e5 Nxe5 21.Bb1 Ned7 22.Nxb7 Qxe3+ 23.Qf2 Qxf2+
24.Kxf2 Reb8 25.Na5 Rxb2 26.Rfe1 d5 27.Nb3  0-1

[Event "TCh-CZE 2002-3"]
[Site "Czech Rep CZE"]
[Date "2003.02.16"]
[Round "7"]
[White "Vavra,P1"]
[Black "Bernasek,J"]
[Result "1-0"]
[WhiteElo "2380"]
[BlackElo "2422"]

1.e4 c5 2.Nf3 e6 3.d4 cxd4 4.Nxd4 a6 5.Bd3 Bc5 6.Nb3 Ba7 7.Qe2 Nc6 8.Be3 Bxe3
9.Qxe3 Nf6 10.f4 d6 11.c4 O-O 12.Nc3 Qc7 13.Rc1 Bd7 14.O-O Rac8 15.Kh1 Qb8
16.c5 e5 17.Nd5 Nxd5 18.exd5 exf4 19.Qe4 f5 20.Qe2 Ne5 21.c6 bxc6 22.Bxa6 Rc7
23.dxc6 Bxc6 24.Nd4 f3 25.gxf3 Bd5 26.Qb5 Qxb5 27.Bxb5 Nxf3 28.Nxf3 Bxf3+
29.Kg1 Rxc1 30.Rxc1 Rb8 31.a4 Kf7 32.b4 Kf6 33.Rb1 Be4 34.Rb2 Ke5 35.Bf1 Kd4
36.b5 Kc3 37.Ra2 d5 38.a5 d4 39.a6 d3 40.Ra3+ Kc2 41.a7 Rd8 42.Bg2 d2 43.Ra2+ Kc3
44.Rxd2 Kxd2 45.b6 Ra8 46.Bxe4 fxe4 47.b7 Rxa7 48.b8=Q Ra1+ 49.Kg2 Rd1 50.Qb2+ Kd3
51.Qb3+ Ke2 52.Qc2+ Rd2 53.Qxe4+ Kd1+ 54.Kf1  1-0

[Event "Jersey Open"]
[Site "Jersey JCI"]
[Date "2003.02.16"]
[Round "1"]
[White "Bennion,D"]
[Black "Hanley,C"]
[Result "0-1"]
[WhiteElo "2060"]
[BlackElo "2359"]

1.e4 c5 2.Nf3 e6 3.d4 cxd4 4.Nxd4 a6 5.Bd3 Bc5 6.Nb3 Be7 7.Nc3 d6 8.O-O Nd7
9.f4 Ngf6 10.Be3 Qc7 11.g4 g6 12.g5 Nh5 13.f5 Ne5 14.Be2 Bd7 15.fxe6 Bxe6
16.Nd5 Bxd5 17.Qxd5 Ng7 18.Na5 O-O 19.Qxb7 Qxb7 20.Nxb7 Rfb8 21.Na5 Rxb2
22.Bd4 Rxc2 23.Bd1 Rc7 24.h4 Ne6 25.Bb6 Rc3 26.Bb3 Nf3+ 27.Kh1 Nxh4 28.Bd5 Rac8
29.Nb7 Rh3+ 30.Kg1 Rc2 31.Rf2 Nf3+  0-1

[Event "ch-CZE b18+20"]
[Site "Lahucovice CZE"]
[Date "2003.02.21"]
[Round "3"]
[White "Laznicka,V"]
[Black "Vaculik,M"]
[Result "1/2-1/2"]
[WhiteElo "2348"]
[BlackElo "2248"]

1.e4 c5 2.Nf3 e6 3.d4 cxd4 4.Nxd4 a6 5.Bd3 Qc7 6.O-O Nc6 7.Be3 Nf6 8.Nc3 Ne5
9.h3 Bc5 10.Qe2 d6 11.f4 Ng6 12.Nb3 Bxe3+ 13.Qxe3 b5 14.a4 b4 15.Ne2 Qa7
16.Qxa7 Rxa7 17.Ned4 Bd7 18.Na5 Rc7 19.Nab3 Ra7 20.Na5 Rc7  1/2-1/2

[Event "Open"]
[Site "Cappelle la Grande FRA"]
[Date "2003.02.22"]
[Round "1"]
[White "Van der Weide,K"]
[Black "Kengis,E"]
[Result "0-1"]
[WhiteElo "2388"]
[BlackElo "2570"]

1.e4 c5 2.Nf3 e6 3.d4 cxd4 4.Nxd4 a6 5.Bd3 g6 6.f4 Bg7 7.Nf3 d6 8.O-O Nc6
9.Nc3 Nge7 10.Qe1 O-O 11.Qf2 f5 12.exf5 Nxf5 13.Bd2 Bd7 14.Rad1 Qc7 15.Rfe1 Rae8
16.Bc1 d5 17.Bf1 Bc8 18.Qc5 b6 19.Qf2 d4 20.Ne2 e5 21.fxe5 Nxe5 22.Bf4 Nxf3+
23.Qxf3 Qxc2 24.Rd2 Qe4  0-1

[Event "Open"]
[Site "Cappelle la Grande FRA"]
[Date "2003.02.23"]
[Round "2"]
[White "Dudas,Jan"]
[Black "Sulava,N"]
[Result "1-0"]
[WhiteElo "2341"]
[BlackElo "2535"]

1.e4 c5 2.Nf3 e6 3.d4 cxd4 4.Nxd4 a6 5.Bd3 Bc5 6.Nb3 Ba7 7.Qe2 d6 8.Be3 Ne7
9.Nc3 b5 10.O-O O-O 11.f4 Nd7 12.Bxa7 Rxa7 13.a4 b4 14.Nd1 e5 15.Ne3 exf4
16.Rxf4 Ng6 17.Rf2 Nde5 18.Nd4 Bb7 19.Qd2 Qa8 20.Ndf5 Bxe4 21.Bxe4 Qxe4 22.Nd5 Ng4
23.Re1 Qc4 24.Rfe2 a5 25.Kh1 Qc5 26.h3 N4e5 27.Nf6+ Kh8 28.Qg5 h6 29.Nxh6 gxf6
30.Qxf6+ Kh7 31.Nf5 Rg8 32.Qg5  1-0

[Event "ch-CZE w"]
[Site "Lahucovice CZE"]
[Date "2003.02.24"]
[Round "5"]
[White "Holusova,T"]
[Black "Herberova,H"]
[Result "1-0"]
[WhiteElo "2094"]
[BlackElo "2100"]

1.e4 c5 2.Nf3 e6 3.d4 cxd4 4.Nxd4 a6 5.Bd3 Nc6 6.Nb3 Qc7 7.O-O Nf6 8.f4 d6
9.Kh1 Bd7 10.N1d2 Be7 11.Qe1 O-O 12.Nc4 b5 13.Ne3 Rfd8 14.Bd2 Qb6 15.Qg3 g6
16.Bc3 Nh5 17.Qf3 b4 18.Bd2 Rf8 19.Ng4 f5 20.exf5 exf5 21.Bc4+ Kg7 22.Ne3 Nf6
23.c3 a5 24.Rfe1 Rae8 25.Rad1 Ne4 26.Bc1 bxc3 27.bxc3 a4 28.Nd5 Nf2+ 29.Kg1 Nxd1+
30.Nxb6  1-0

[Event "ch-RUS w 1st League"]
[Site "Serpukhov RUS"]
[Date "2003.02.25"]
[Round "6"]
[White "Sukhareva,O"]
[Black "Kursova,M"]
[Result "0-1"]
[WhiteElo "2109"]
[BlackElo "2251"]

1.e4 c5 2.Nf3 e6 3.d4 cxd4 4.Nxd4 a6 5.Bd3 Bc5 6.Nb3 Be7 7.Nc3 d6 8.f4 Qc7
9.Qf3 Nf6 10.Be3 b5 11.g4 Bb7 12.g5 Nfd7 13.Qh3 b4 14.Ne2 d5 15.Ng3 dxe4
16.Nxe4 Bd5 17.Rg1 Nc6 18.c4 bxc3 19.Nxc3 Nb4 20.Bb1 Bxb3 21.axb3 Nc5 22.g6 Ncd3+
23.Ke2 Rd8 24.Bxd3 Nxd3 25.gxf7+ Kxf7 26.Qg4 g6 27.Rxa6 Qc8 28.Ra7 Nxb2 29.Ne4 Rd7
30.Rc1 Qd8 31.Bb6 Qxb6 32.Rxd7 Qb5+ 33.Kd2 Qxd7+ 34.Kc2 Qd3+ 35.Kxb2 Qxe4  0-1

[Event "10th Metalis Open"]
[Site "Bizovac CRO"]
[Date "2003.02.27"]
[Round "3"]
[White "Kristovic,M"]
[Black "Raljic,M"]
[Result "1-0"]
[WhiteElo "2330"]
[BlackElo "2094"]

1.e4 c5 2.Nf3 e6 3.d4 cxd4 4.Nxd4 a6 5.Bd3 Nc6 6.Nxc6 dxc6 7.O-O e5 8.Kh1 Nf6
9.Nd2 b5 10.a4 Be6 11.Qe2 Bd6 12.f4 O-O 13.f5 Bd7 14.g4 c5 15.axb5 axb5 16.Rxa8 Qxa8
17.g5 Ne8 18.Bxb5 Bxb5 19.Qxb5 Be7 20.h4 Nd6 21.Qe2 f6 22.Qg4 Rb8 23.c3 Rb6
24.Rg1 Ra6 25.Kh2 Ra4 26.Re1 Qb7 27.Kh3 Kh8 28.g6 h6 29.Qd1 Qb5 30.Qe2 Qb7
31.Qd3 Kg8 32.b3 c4 33.Nxc4 Ra6 34.Nxd6 Rxd6 35.Qc4+ Kh8 36.Ba3 Rd8 37.Bxe7 Qxe7
38.b4 Qd7 39.Qe2 Qc7 40.c4 Rd4 41.Rd1 Qd7 42.Rxd4 Qxd4 43.c5 Qc3+ 44.Kg4 Qc1
45.Qd3 h5+ 46.Kxh5 Qh6+ 47.Kg4  1-0

[Event "6th Open"]
[Site "Malaga ESP"]
[Date "2003.02.27"]
[Round "7"]
[White "Fernandez Siles,L"]
[Black "Kovacevic,Sl"]
[Result "0-1"]
[WhiteElo "2274"]
[BlackElo "2396"]

1.e4 c5 2.Nf3 e6 3.d4 cxd4 4.Nxd4 a6 5.Bd3 Nf6 6.O-O d6 7.c4 b6 8.Nc3 Bb7
9.Qe2 Be7 10.Kh1 Nc6 11.Nxc6 Bxc6 12.f4 O-O 13.b3 Nd7 14.Bb2 Re8 15.e5 Qc7
16.Ne4 dxe5 17.fxe5 Nxe5 18.Qh5 f5 19.Bc2 Ng4 20.Rae1 Rad8 21.Rf3 Bxe4 22.Bxe4 g6
23.Qh3 Bc5 24.Qh4 Be7 25.Qh3 Rd2 26.Bc3 Rdd8 27.Bc2 Bf6 28.Bb4 a5 29.Ba3 Kg7
30.Bc1 Be5 31.Bg5 Rd7 32.Qh4 h6 33.Bc1 Bf6 34.Qh3 Bd4 35.Ref1 Qc5 36.Rg3 h5
37.Rd3 Red8 38.b4 axb4 39.Ba4 Rd6 40.Qf3 Qc7 41.Qf4 Be5 42.Rxd6 Bxf4 43.Rxd8 Qxd8
44.Bxf4 Qd4 45.Bg3 f4 46.Be1 Qxc4 47.Rg1 Qxa2 48.Bd7 Qd5 49.h3 Ne3 50.Bc8 f3
51.Bf2 fxg2+  0-1

[Event "6th Open"]
[Site "Malaga ESP"]
[Date "2003.03.01"]
[Round "9"]
[White "Paz Ladron de Guevara,D"]
[Black "Kovacevic,Sl"]
[Result "0-1"]
[WhiteElo "2323"]
[BlackElo "2396"]

1.e4 c5 2.Nf3 e6 3.d4 cxd4 4.Nxd4 a6 5.Bd3 Nf6 6.c4 d6 7.Nc3 g6 8.O-O Bg7
9.Qe2 Qc7 10.Rd1 O-O 11.Be3 b6 12.a4 Bb7 13.a5 bxa5 14.Nb3 Nc6 15.Na4 Nd7
16.Qd2 Rfd8 17.Bf1 Nc5 18.Bxc5 dxc5 19.Qc1 Rxd1 20.Qxd1 Rd8 21.Qe1 Be5 22.Naxc5 Bxh2+
23.Kh1 Be5 24.Nxa5 Qe7 25.Kg1 Nd4 26.Ncxb7 Qh4 27.g3 Nf3+ 28.Kg2 Nxe1+ 29.Rxe1 Bxg3
30.fxg3 Rd2+ 31.Kf3 Qf6+  0-1

[Event "1st Breizh Masters"]
[Site "Guingamp FRA"]
[Date "2003.03.02"]
[Round "3"]
[White "Mullon,J"]
[Black "Velikov,P"]
[Result "0-1"]
[WhiteElo "2313"]
[BlackElo "2435"]

1.e4 c5 2.Nf3 e6 3.d4 cxd4 4.Nxd4 a6 5.Bd3 Nf6 6.O-O Qc7 7.Qe2 d6 8.c4 Nbd7
9.f4 Nc5 10.Bc2 g6 11.Kh1 Bg7 12.Nf3 O-O 13.Nc3 b6 14.Rb1 Bb7 15.b4 Ncd7
16.Bb2 Nh5 17.Ng5 b5 18.Nxh7 Kxh7 19.e5 Kg8 20.exd6 Qxc4 21.Bd3 Qc8 22.Bxg6 fxg6
23.Qxe6+ Kh7 24.f5 Qe8 25.Nd5 Qxe6 26.fxe6 Bxd5 27.Rxf8 Nxf8 28.e7 Nd7 29.Bxg7 Kxg7
30.Rc1 Bc4 31.Re1 Kf7 32.g4 Nhf6 33.g5 Ne8  0-1